[Event "AUTO-BEG-81"]
[Site "http://www.queenalice.com/game.php?id=232375"]
[Date "2007.6.29"]
[Round "2"]
[White "lukas2007"]
[Black "x_3mta3"]
[Result "1-0"]
[WhiteElo "1459"]
[BlackElo "1314"]

1. d4 d6 2. h4 e5 3. dxe5 dxe5 4. Qxd8+ Kxd8 5. Bg5+ f6 6. Be3 Nc6 7. a3 Nd4 8.
Bxd4 exd4 9. e3 b5 10. Bxb5 a6 11. Bc6 Rb8 12. b4 Bf5 13. e4 Bd7 14. Bxd7 Kxd7
15. Nf3 f5 16. exf5 Re8+ 17. Kf1 Nf6 18. Nxd4 Nd5 19. Ne6 Bd6 20. c4 Nf4 21. c5
Be5 22. Ra2 g6 23. g4 gxf5 24. gxf5 Rhg8 25. Nxf4 Bxf4 26. Rg1 Rgf8 27. Rg7+ Re7
28. Rxe7+ Kxe7 29. Re2+ Kf7 30. Re4 1-0

[Event "AUTO-BEG-81"]
[Site "http://www.queenalice.com/game.php?id=232378"]
[Date "2007.6.29"]
[Round "2"]
[White "ZZZZ"]
[Black "lukas2007"]
[Result "1-0"]
[WhiteElo "1661"]
[BlackElo "1467"]

1. e4 d5 2. exd5 Qxd5 3. Nc3 Qe6+ 4. Nge2 Bd7 5. d4 c6 6. d5 cxd5 7. Nxd5 Na6 8.
c4 Nf6 9. f3 Nxd5 10. cxd5 Qe5 11. Qd4 Qxd4 12. Nxd4 e5 13. Nc2 Bf5 14. Ne3 Bb4+
15. Bd2 Bxd2+ 16. Kxd2 O-O 17. Nxf5 Nb4 18. Ne7+ Kh8 19. a3 Na6 20. Bxa6 bxa6
21. Rac1 Rfe8 22. Rc7 Rab8 23. Rhc1 Rxb2+ 24. Kd1 Rxg2 25. Rc8 Rg1+ 26. Kd2 Rxc1
27. Rxe8# 1-0

[Event "AUTO-BEG-81"]
[Site "http://www.queenalice.com/game.php?id=232379"]
[Date "2007.6.29"]
[Round "2"]
[White "lukas2007"]
[Black "ZZZZ"]
[Result "0-1"]
[WhiteElo "1466"]
[BlackElo "1688"]

1. d4 d5 2. h4 Nc6 3. a4 e5 4. dxe5 Nxe5 5. Bg5 Qd7 6. e4 dxe4 7. Qxd7+ Bxd7 8.
Nd2 Nf6 9. Bxf6 gxf6 10. Nxe4 Be7 11. Be2 h5 12. f4 Nc4 13. Bxc4 Rg8 14. g3 f5
15. Ng5 Rg7 16. Bd5 Rb8 17. N1f3 Bc6 18. O-O-O Bxa4 19. b3 Bb5 20. c4 Bc6 21.
Bxc6+ bxc6 22. Kb2 c5 23. Rd5 f6 24. Ne6 Rxg3 25. Nxc7+ Kf7 26. Na6 Rg2+ 27. Kc3
Rbg8 28. Rd2 R2g3 29. Rf1 R8g4 30. Kb2 Rxf4 31. Nh2 Rxf1 32. Nxf1 Rh3 33. Rd7
Rxh4 34. Nxc5 f4 35. Nd3 Rh1 0-1

[Event "AUTO-BEG-91"]
[Site "http://www.queenalice.com/game.php?id=252272"]
[Date "2007.8.7"]
[Round "2"]
[White "lukas2007"]
[Black "flucris2701"]
[Result "0-1"]
[WhiteElo "1493"]
[BlackElo "1605"]

1. h4 e5 2. d4 exd4 3. Qxd4 Nc6 4. Qe3+ Qe7 5. Qxe7+ Bxe7 6. a4 Nf6 7. Bf4 O-O
8. Bxc7 Nd4 9. Kd2 Ng4 10. Bg3 d5 11. f3 Ne5 12. Bxe5 Nf5 0-1

[Event "AUTO-BEG-91"]
[Site "http://www.queenalice.com/game.php?id=252273"]
[Date "2007.8.7"]
[Round "2"]
[White "flucris2701"]
[Black "lukas2007"]
[Result "1-0"]
[WhiteElo "1593"]
[BlackElo "1505"]

1. e4 d5 2. exd5 Qxd5 3. Nc3 Qe6+ 4. Qe2 Qxe2+ 5. Bxe2 Bf5 6. d3 a5 7. Nd5 Na6
8. d4 e6 9. Bxa6 exd5 10. Bb5+ c6 11. Bd3 Bxd3 12. cxd3 Bb4+ 13. Bd2 1-0

[Event "AUTO-OPEN-640"]
[Site "http://www.queenalice.com/game.php?id=253179"]
[Date "2007.8.9"]
[Round "2"]
[White "lukas2007"]
[Black "Guilherme_Ottoni"]
[Result "0-1"]
[WhiteElo "1484"]
[BlackElo "1826"]

1. h4 d5 2. d4 c5 3. dxc5 Nf6 4. b4 a5 5. c3 axb4 6. cxb4 b6 7. Qd4 Nc6 8. Qc3
e5 9. cxb6 Qxb6 10. a3 Ne4 11. Qe3 Nd4 12. Qd3 Bxb4+ 0-1

[Event "AUTO-OPEN-640"]
[Site "http://www.queenalice.com/game.php?id=253180"]
[Date "2007.8.9"]
[Round "2"]
[White "Guilherme_Ottoni"]
[Black "lukas2007"]
[Result "1-0"]
[WhiteElo "1824"]
[BlackElo "1486"]

1. d4 d5 2. c4 dxc4 3. Nf3 c5 4. d5 Qa5+ 5. Bd2 Qb5 6. Nc3 Qxb2 7. Rb1 Qa3 8. e4
Qa6 9. Nb5 Qd6 10. Nxd6+ exd6 11. Bxc4 a6 12. O-O b5 13. Bxb5+ 1-0

[Event "Challenge"]
[Site "http://www.queenalice.com/game.php?id=281241"]
[Date "2007.10.4"]
[Round "-"]
[White "TomBishop"]
[Black "lukas2007"]
[Result "1-0"]
[WhiteElo "1502"]
[BlackElo "1494"]

1. e4 d5 2. exd5 Qxd5 3. Nc3 Qe6+ 4. Nge2 c6 5. g3 Qe5 6. d4 Qe6 7. Be3 Qg4 8.
Qd2 Qf3 9. Rg1 Nf6 10. Bg2 Qh5 11. O-O-O Bh3 12. Nf4 Ne4 13. Nxe4 Qa5 14. Bxh3
Qxd2+ 15. Rxd2 Nd7 16. Bxd7+ Kxd7 17. d5 cxd5 18. Nxd5 Kc6 19. Nb4+ Kc7 20. Rgd1
Rc8 21. Bxa7 Ra8 22. Rd7+ 1-0

[Event "AUTO-OPEN-622"]
[Site "http://www.queenalice.com/game.php?id=310959"]
[Date "2007.11.27"]
[Round "2"]
[White "R_Mutt"]
[Black "lukas2007"]
[Result "1-0"]
[WhiteElo "2266"]
[BlackElo "1468"]

1. e4 d5 2. exd5 Qxd5 3. Nc3 Qe6+ 4. Be2 c6 5. d4 Qg6 6. Nf3 Qxg2 7. Rg1 Qh3 8.
Bf4 Qf5 9. Qd2 Qa5 10. Ne5 Qb4 11. Nc4 b5 12. a3 Qxc4 13. Bxc4 bxc4 14. O-O-O a5
15. d5 Nf6 16. dxc6 Nxc6 17. Nb5 Ne4 18. Nc7# 1-0

[Event "AUTO-OPEN-622"]
[Site "http://www.queenalice.com/game.php?id=310960"]
[Date "2007.11.27"]
[Round "2"]
[White "lukas2007"]
[Black "R_Mutt"]
[Result "0-1"]
[WhiteElo "1466"]
[BlackElo "2258"]

1. h4 d5 2. d4 c5 3. dxc5 e5 4. Bg5 f6 5. Be3 d4 6. Bd2 Bxc5 7. c3 Be6 8. b4 Bb6
9. a4 Nc6 10. a5 Bc7 11. a6 b5 12. cxd4 Nge7 13. e3 exd4 14. Bxb5 Qd5 15. Bxc6+
Nxc6 16. Qa4 Qxg2 17. Rh2 Qxg1+ 18. Ke2 Bg4+ 19. Kd3 Qf1+ 0-1

[Event "Challenge"]
[Site "http://www.queenalice.com/game.php?id=338777"]
[Date "2008.1.18"]
[Round "-"]
[White "lukas2007"]
[Black "lezeu63"]
[Result "0-1"]
[WhiteElo "1444"]
[BlackElo "1621"]

1. h4 e5 2. d4 d6 3. dxe5 dxe5 4. Qxd8+ Kxd8 5. Bg5+ f6 6. Be3 Bf5 7. Na3 Bxa3
8. bxa3 Bxc2 9. Rc1 Bf5 10. Rd1+ Nd7 11. f3 h5 12. Kf2 Be6 13. Rd2 f5 14. Bg5+
Ke8 15. Rc2 c6 16. Rb2 b5 17. Rc2 Ne7 18. Bxe7 Kxe7 19. Rxc6 e4 20. Rc7 Bxa2 21.
Rc2 Bd5 22. Rc7 Kd6 23. Rc3 a5 24. f4 Nf6 25. e3 Ng4+ 26. Kg3 b4 27. axb4 axb4
28. Rc1 Ra3 29. Re1 Rc8 30. Nh3 Rcc3 31. Bb5 Rxe3+ 32. Rxe3 Rxe3# 0-1

[Event "Challenge"]
[Site "http://www.queenalice.com/game.php?id=343943"]
[Date "2008.1.27"]
[Round "-"]
[White "Feee"]
[Black "lukas2007"]
[Result "1-0"]
[WhiteElo "1622"]
[BlackElo "1478"]

1. d4 d5 2. Nc3 c6 3. a3 a5 4. Nf3 Bg4 5. g3 Bxf3 6. exf3 Qb6 7. Na4 Qc7 8. Bf4
Qd8 9. c3 b5 10. Nc5 e6 11. Bd3 1-0